Estudio de Opinión Pública Unimer RI - La Nación mayo de 1995: efectuada del 12 al 25 de mayo /
Gorde:
| Egile nagusia: | |
|---|---|
| Erakunde egilea: | |
| Beste egile batzuk: | |
| Formatua: | Texto |
| Argitaratua: |
San José:
Unimer
|
| Gaiak: | |
| Etiketak: |
Etiketa erantsi
Etiketarik gabe, Izan zaitez lehena erregistro honi etiketa jartzen!
|
MARC
| LEADER | 00000 a a2200000 04500 | ||
|---|---|---|---|
| 001 | 27629 | ||
| 003 | |||
| 040 | |a CRAI/IIS |c CRAI/IIS | ||
| 090 | |a 185800 |b ENCUESTA | ||
| 100 | |a Mendiola T, Haydée | ||
| 110 | |a Unimer Research International | ||
| 245 | |a Estudio de Opinión Pública Unimer RI - La Nación mayo de 1995: efectuada del 12 al 25 de mayo / |c Haydée Mendiola T. | ||
| 260 | |a San José: |b Unimer | ||
| 300 | |a 63 p. y s.p |b **no definido** |b fonodiscos | ||
| 650 | |a ENCUESTAS DE OPINION PUBLICA | ||
| 650 | |a GOBIERNO | ||
| 650 | |a PODER LEGISLATIVO | ||
| 650 | |a COMPORTAMIENTO POLITICO | ||
| 650 | |a CUADROS ESTADISTICOS | ||
| 650 | |a AFILIACION POLITICA | ||
| 650 | |a PRUEBAS ESTADISTICAS | ||
| 700 | |a Paniagua, Carlos G. | ||
| 999 | |c 13146 |d 13146 | ||
